Island Country Shapes - Statistics

General Stats
  • This quiz has been taken 353 times
  • The average score is 24 of 47
Answer Stats
Picture Answer % Correct
Iceland
94%
Cyprus
93%
Japan
89%
United Kingdom
88%
Cuba
86%
New Zealand
85%
Ireland
84%
Madagascar
82%
Sri Lanka
78%
Papua New Guinea
77%
Indonesia
76%
Haiti
72%
Taiwan
72%
Philippines
69%
Jamaica
64%
Dominican Republic
61%
Trinidad and Tobago
59%
Singapore
58%
Nauru
54%
Maldives
53%
East Timor
52%
Malta
50%
Brunei
48%
Bahamas
45%
Solomon Islands
40%
Federated States of Micronesia
39%
Fiji
39%
Saint Lucia
38%
Saint Kitts and Nevis
37%
Antigua and Barbuda
36%
Barbados
36%
Bahrain
34%
Vanuatu
34%
Cape Verde
33%
Dominica
33%
Samoa
32%
Saint Vincent and the Grenadines
30%
Kiribati
29%
São Tomé and Príncipe
28%
Comoros
27%
Marshall Islands
27%
Grenada
26%
Tuvalu
23%
Palau
22%
Seychelles
22%
Tonga
22%
Mauritius
20%
No matching quizzes found
Score Distribution
Percent of People with Each Score
Percentile by Number Answered
Your Score History
You have not taken this quiz